[Event "Olimpiada de Khanty-Mansiysk 2010"]
[Site "Khanty-Mansiysk RUS"]
[Date "2010.09.28"]
[Round "7"]
[White "Meier, Kurt"]
[Black "Murara, Maxence"]
[Result "1-0"]
[WhiteElo "1991"]
[BlackElo "1685"]
[PlyCount "81"]
[EventDate "2010.09.21"]
[EventType "team"]
[EventRounds "11"]
[EventCountry "RUS"]
[Source "lmi"]
[SourceDate "2010.09.21"]
[WhiteTeam "Seychelles"]
[BlackTeam "Ruanda"]
[WhiteTeamCountry "SEY"]
[BlackTeamCountry "RWA"]

1. e4 c5 2. Nf3 a6 3. c4 d6 4. d4 cxd4 5. Nxd4 Nf6 6. Nc3 g6 7. Be2 Bg7 8. Be3
O-O 9. O-O Nc6 10. Rc1 Qc7 11. Nd5 Qd8 12. f3 e6 13. Nc3 Qc7 14. Qd2 Nd7 15.
Rfd1 Nc5 16. Nxc6 Qxc6 17. Qxd6 Qxd6 18. Rxd6 Nd7 19. Rcd1 Ne5 20. Na4 b5 21.
cxb5 axb5 22. Bxb5 f5 23. exf5 exf5 24. Nc3 h5 25. a4 h4 26. h3 f4 27. Bb6 Rf5
28. Ne4 Bb7 29. Rd8+ Rxd8 30. Rxd8+ Kh7 31. Nd6 Rf6 32. a5 Bxf3 33. gxf3 Nxf3+
34. Kf2 Ng5 35. Ne8 Re6 36. Nxg7 Kxg7 37. Bd4+ Kh6 38. Rh8+ Nh7 39. a6 Re4 40.
Bc3 Re3 41. a7 1-0

[Event "Olimpiada de Khanty-Mansiysk 2010"]
[Site "Khanty-Mansiysk RUS"]
[Date "2010.09.29"]
[Round "8"]
[White "Kramnik, Vladimir"]
[Black "Ivanchuk, Vassily"]
[Result "1/2-1/2"]
[WhiteElo "2780"]
[BlackElo "2754"]
[PlyCount "70"]
[EventDate "2010.09.21"]
[EventType "team"]
[EventRounds "11"]
[EventCountry "RUS"]
[Source "lmi"]
[SourceDate "2010.09.21"]
[WhiteTeam "RU1"]
[BlackTeam "Ucrania"]
[BlackTeamCountry "UKR"]

1. d4 Nf6 2. c4 g6 3. Nc3 d5 4. Nf3 Bg7 5. Qb3 dxc4 6. Qxc4 O-O 7. e4 Na6 8.
Be2 c5 9. d5 e6 10. O-O exd5 11. exd5 Re8 12. Bf4 Bf5 13. Rad1 Ne4 14. Nb5 Bd7
15. Bd3 Bxb5 16. Qxb5 Nd6 17. Qb3 c4 18. Bxc4 Nc5 19. Qc2 Rc8 20. Bd3 Nxd3 21.
Qxd3 Bxb2 22. Rb1 Bf6 23. Bxd6 Qxd6 24. Rxb7 Red8 25. Rxa7 Qxd5 26. Qxd5 Rxd5
27. Re1 Rc2 28. g3 g5 29. h3 h5 30. Kg2 Kg7 31. Ra6 Rf5 32. Re4 Rb5 33. Ne1 Rd2
34. Nf3 Rc2 35. Ne1 Rd2 1/2-1/2

[Event "Olimpiada de Khanty-Mansiysk 2010"]
[Site "Khanty-Mansiysk RUS"]
[Date "2010.09.29"]
[Round "8"]
[White "Guseinov, Gadir"]
[Black "Balogh, Csaba"]
[Result "0-1"]
[WhiteElo "2611"]
[BlackElo "2608"]
[PlyCount "100"]
[EventDate "2010.09.21"]
[EventType "team"]
[EventRounds "11"]
[EventCountry "RUS"]
[Source "lmi"]
[SourceDate "2010.09.21"]
[WhiteTeam "Azerbaiyán"]
[BlackTeam "Hungría"]
[WhiteTeamCountry "AZE"]
[BlackTeamCountry "HUN"]

1. e4 e5 2. Nf3 Nc6 3. Bb5 Nf6 4. O-O Nxe4 5. d4 Nd6 6. dxe5 Nxb5 7. a4 Nbd4 8.
Nxd4 Nxd4 9. Qxd4 d5 10. Nc3 c6 11. Qd3 g6 12. Be3 Bf5 13. Qd2 Qa5 14. Bg5 Bg7
15. Rfe1 O-O 16. Be7 Rfe8 17. Bd6 f6 18. f4 fxe5 19. fxe5 Qb6+ 20. Kh1 Qxb2 21.
Ra2 Qb6 22. a5 Qa6 23. h3 Rad8 24. Rb2 Be4 25. Nxe4 dxe4 26. Qb4 Bxe5 27. Qb3+
Kh8 28. Bxe5+ Rxe5 29. Qxb7 Qxa5 30. Rbb1 Qc5 31. Rf1 Re7 32. Qb2+ Qe5 33.
Qxe5+ Rxe5 34. Rb7 e3 35. Re1 a5 36. Rc7 Re6 37. Ra7 e2 38. Kg1 Rd5 39. c4 Rc5
40. Kf2 Rf5+ 41. Kg1 h5 42. g3 Kg8 43. Kg2 Re3 44. g4 hxg4 45. hxg4 Rf4 46.
Rxa5 Rxg4+ 47. Kf2 Re6 48. Rxe2 Rxe2+ 49. Kxe2 Rxc4 50. Ra7 Re4+ 0-1

[Event "Olimpiada de Khanty-Mansiysk 2010"]
[Site "Khanty-Mansiysk RUS"]
[Date "2010.09.29"]
[Round "8"]
[White "Akopian, Vladimir"]
[Black "Socko, Bartosz"]
[Result "1/2-1/2"]
[WhiteElo "2691"]
[BlackElo "2657"]
[PlyCount "47"]
[EventDate "2010.09.21"]
[EventType "team"]
[EventRounds "11"]
[EventCountry "RUS"]
[Source "lmi"]
[SourceDate "2010.09.21"]
[WhiteTeam "Armenia"]
[BlackTeam "Polonia"]
[WhiteTeamCountry "ARM"]
[BlackTeamCountry "POL"]

1. e4 e6 2. d4 d5 3. Nd2 c5 4. exd5 exd5 5. Ngf3 Nf6 6. Bb5+ Bd7 7. Qe2+ Be7 8.
dxc5 O-O 9. Nb3 Re8 10. Be3 a6 11. Bd3 Ba4 12. Nfd4 Nbd7 13. O-O-O Bxb3 14.
Nxb3 Nxc5 15. Qf3 Nxd3+ 16. Rxd3 a5 17. Nd4 a4 18. Nf5 a3 19. b3 Ne4 20. Qg4 g6
21. Nh6+ Kg7 22. Nf5+ Kg8 23. Nh6+ Kg7 24. Nf5+ 1/2-1/2

[Event "Olimpiada de Khanty-Mansiysk 2010"]
[Site "Khanty-Mansiysk RUS"]
[Date "2010.09.29"]
[Round "8"]
[White "Pashikian, Arman"]
[Black "Miton, Kamil"]
[Result "1/2-1/2"]
[WhiteElo "2639"]
[BlackElo "2629"]
[PlyCount "74"]
[EventDate "2010.09.21"]
[EventType "team"]
[EventRounds "11"]
[EventCountry "RUS"]
[Source "lmi"]
[SourceDate "2010.09.21"]
[WhiteTeam "Armenia"]
[BlackTeam "Polonia"]
[WhiteTeamCountry "ARM"]
[BlackTeamCountry "POL"]

1. d4 Nf6 2. Nf3 g6 3. c4 Bg7 4. Nc3 O-O 5. e4 d6 6. Be2 e5 7. O-O Na6 8. Re1
Qe8 9. Bg5 Bg4 10. d5 Nh5 11. Nd2 Bxe2 12. Nxe2 Nc5 13. Qc2 a5 14. a3 f5 15. b4
Na6 16. f3 axb4 17. axb4 Nxb4 18. Qb3 Rxa1 19. Rxa1 Nf4 20. Qxb4 Nxe2+ 21. Kf1
Nd4 22. Qxb7 h6 23. Bh4 Qb8 24. Qxb8 Rxb8 25. Ra7 c6 26. dxc6 Nxc6 27. Ra6 Rc8
28. exf5 gxf5 29. g4 fxg4 30. fxg4 Kf7 31. Ne4 Ke6 32. Bf2 Bf8 33. Rb6 d5 34.
cxd5+ Kxd5 35. Nf6+ Ke6 36. Ne4 Kd5 37. Nf6+ Ke6 1/2-1/2

[Event "Olimpiada de Khanty-Mansiysk 2010"]
[Site "Khanty-Mansiysk RUS"]
[Date "2010.09.29"]
[Round "8"]
[White "Jobava, Baadur"]
[Black "Zhigalko, Sergei"]
[Result "1-0"]
[WhiteElo "2710"]
[BlackElo "2640"]
[PlyCount "113"]
[EventDate "2010.09.21"]
[EventType "team"]
[EventRounds "11"]
[EventCountry "RUS"]
[Source "lmi"]
[SourceDate "2010.09.21"]
[WhiteTeam "Georgia"]
[BlackTeam "Bielorusia"]
[WhiteTeamCountry "GEO"]
[BlackTeamCountry "BLR"]

1. d4 Nf6 2. c4 e6 3. Nf3 b6 4. a3 Ba6 5. Qc2 Bb7 6. Bf4 c5 7. dxc5 bxc5 8. h3
Be7 9. Nc3 O-O 10. e3 d6 11. Rd1 Qb6 12. Be2 Rd8 13. O-O Nbd7 14. Rd2 Nf8 15.
Rb1 Ng6 16. Bg3 a5 17. Rbd1 Rd7 18. Ng5 Rad8 19. Bf3 d5 20. cxd5 exd5 21. Qf5
d4 22. exd4 cxd4 23. Qb5 Qxb5 24. Nxb5 Nd5 25. Ne4 f5 26. Ned6 Bxd6 27. Nxd6
Rxd6 28. Bxd6 Rxd6 29. Rxd4 Nge7 30. Ra4 Rb6 31. Rxa5 Rxb2 32. Ra7 Kf8 33. a4
Bc6 34. Rc1 Nb4 35. Re1 Nbd5 36. Re5 g6 37. a5 Ra2 38. h4 h5 39. Re6 Be8 40. a6
Ra1+ 41. Kh2 Ra4 42. Rb7 Rxh4+ 43. Kg1 Ra4 44. Bxd5 Nxd5 45. a7 Nc3 46. Rf6+
Kg8 47. Re7 Bb5 48. f4 Ne2+ 49. Kh2 Nxf4 50. Rd6 Kf8 51. Rb7 Ke8 52. Rd4 Rxa7
53. Rxa7 Ne6 54. Rd6 Bc4 55. Rc6 Bd5 56. Rc8+ Nd8 57. Rh7 1-0

[Event "Olimpiada de Khanty-Mansiysk 2010"]
[Site "Khanty-Mansiysk RUS"]
[Date "2010.09.29"]
[Round "8"]
[White "Mchedlishvili, Mikheil"]
[Black "Podolchenko, Evgeniy"]
[Result "1-0"]
[WhiteElo "2628"]
[BlackElo "2506"]
[PlyCount "93"]
[EventDate "2010.09.21"]
[EventType "team"]
[EventRounds "11"]
[EventCountry "RUS"]
[Source "lmi"]
[SourceDate "2010.09.21"]
[WhiteTeam "Georgia"]
[BlackTeam "Bielorusia"]
[WhiteTeamCountry "GEO"]
[BlackTeamCountry "BLR"]

1. d4 Nf6 2. c4 e6 3. Nf3 b6 4. a3 Bb7 5. Nc3 d5 6. cxd5 Nxd5 7. e3 g6 8. Bb5+
c6 9. Bd3 Bg7 10. Na4 Nd7 11. e4 Ne7 12. O-O O-O 13. Bg5 Re8 14. Qe2 e5 15.
dxe5 Nxe5 16. Nxe5 Bxe5 17. f4 Bg7 18. Kh1 f6 19. Bh4 Nf5 20. Bf2 c5 21. Nc3
Nd6 22. Bg3 Kh8 23. e5 Qc8 24. Qf2 Nf5 25. Bxf5 Qxf5 26. Nb5 Qd7 27. Nd6 Rf8
28. Nxb7 Qxb7 29. e6 f5 30. Bh4 Bf6 31. Rfe1 Qe7 32. Bg5 Bxg5 33. fxg5 Qxg5 34.
e7 Rfe8 35. Qe2 Qf6 36. Rad1 Rac8 37. Rd7 Rc6 38. Qc4 Kg7 39. Qd5 Rcc8 40. Qd2
c4 41. Rxa7 c3 42. bxc3 Qxc3 43. Qd1 Rc4 44. h3 Re4 45. Rxe4 fxe4 46. Qf1 Qe5
47. Qf8+ 1-0

[Event "Olimpiada de Khanty-Mansiysk 2010"]
[Site "Khanty-Mansiysk RUS"]
[Date "2010.09.29"]
[Round "8"]
[White "Stupak, Kirill"]
[Black "Gelashvili, Tamaz"]
[Result "1/2-1/2"]
[WhiteElo "2502"]
[BlackElo "2611"]
[PlyCount "114"]
[EventDate "2010.09.21"]
[EventType "team"]
[EventRounds "11"]
[EventCountry "RUS"]
[Source "lmi"]
[SourceDate "2010.09.21"]
[WhiteTeam "Bielorusia"]
[BlackTeam "Georgia"]
[WhiteTeamCountry "BLR"]
[BlackTeamCountry "GEO"]

1. d4 d6 2. g3 g6 3. Bg2 Bg7 4. e4 Nf6 5. Nc3 O-O 6. Nge2 e5 7. O-O c6 8. a4 a5
9. h3 Na6 10. Be3 Nb4 11. Qd2 Be6 12. b3 d5 13. dxe5 Nxe4 14. Nxe4 dxe4 15. Nd4
Qc8 16. Bh6 Bxh3 17. Bxg7 Kxg7 18. Qf4 Rd8 19. Bxh3 Qxh3 20. e6 fxe6 21. Qxe4
Kg8 22. Nxe6 Re8 23. Rae1 Re7 24. Qc4 b5 25. axb5 cxb5 26. Qxb5 Rxe6 27. Qc4
Rae8 28. g4 Nd5 29. Qxd5 Qxg4+ 30. Kh2 Kg7 31. Rxe6 Rxe6 32. Qd7+ Kh6 33. Qd2+
g5 34. Rg1 Qf5 35. Rg3 Kg6 36. Kg2 h5 37. Qd3 g4 38. Qxf5+ Kxf5 39. Rc3 h4 40.
Rc5+ Re5 41. Rc8 Kf4 42. Rh8 h3+ 43. Kf1 Rd5 44. Rf8+ Rf5 45. Rh8 Ke4 46. Kg1
Kf3 47. Kf1 Rf7 48. Kg1 Rf6 49. Rh5 Rd6 50. Rf5+ Ke4 51. Rf8 Rd5 52. Kh2 Rf5
53. Rxf5 Kxf5 54. Kg3 Ke4 55. c4 Kd4 56. f3 gxf3 57. Kxf3 a4 1/2-1/2

[Event "Olimpiada de Khanty-Mansiysk 2010"]
[Site "Khanty-Mansiysk RUS"]
[Date "2010.09.29"]
[Round "8"]
[White "Bruzon Batista, Lazaro"]
[Black "Moradiabadi, Elshan"]
[Result "1/2-1/2"]
[WhiteElo "2679"]
[BlackElo "2578"]
[PlyCount "92"]
[EventDate "2010.09.21"]
[EventType "team"]
[EventRounds "11"]
[EventCountry "RUS"]
[Source "lmi"]
[SourceDate "2010.09.21"]
[WhiteTeam "Cuba"]
[BlackTeam "Irán"]
[WhiteTeamCountry "CUB"]
[BlackTeamCountry "IRI"]

1. e4 e5 2. Nf3 Nc6 3. Bb5 Nf6 4. O-O Nxe4 5. d4 Nd6 6. Bxc6 dxc6 7. dxe5 Nf5
8. Qxd8+ Kxd8 9. Nc3 Ke8 10. h3 Be6 11. b3 h5 12. Bb2 Be7 13. Ne4 Rd8 14. Rad1
Rxd1 15. Rxd1 Rh6 16. c4 Rg6 17. Kh2 Nh4 18. Ne1 Rh6 19. g3 Ng6 20. Ng2 Bf5 21.
Re1 Kd8 22. f4 Kc8 23. Nf2 Bc5 24. Ne4 Be7 25. Nf2 Bc5 26. Ne3 Be6 27. Nd3 Bxe3
28. Rxe3 Rh8 29. Rf3 Rd8 30. Bc3 Ne7 31. Nf2 b5 32. cxb5 cxb5 33. g4 g6 34. Kg3
hxg4 35. hxg4 Nd5 36. Be1 Ne7 37. Bc3 a6 38. Rd3 c5 39. Rxd8+ Kxd8 40. Ne4 c4
41. bxc4 Bxc4 42. a3 Be6 43. Ba5+ Kc8 44. Kh4 Bd5 45. Nd6+ Kd7 46. Kg5 Nc8
1/2-1/2

[Event "Olimpiada de Khanty-Mansiysk 2010"]
[Site "Khanty-Mansiysk RUS"]
[Date "2010.09.29"]
[Round "8"]
[White "Mahjoob, Morteza"]
[Black "Quesada Perez, Yuniesky"]
[Result "0-1"]
[WhiteElo "2529"]
[BlackElo "2614"]
[PlyCount "70"]
[EventDate "2010.09.21"]
[EventType "team"]
[EventRounds "11"]
[EventCountry "RUS"]
[Source "lmi"]
[SourceDate "2010.09.21"]
[WhiteTeam "Irán"]
[BlackTeam "Cuba"]
[WhiteTeamCountry "IRI"]
[BlackTeamCountry "CUB"]

1. d4 Nf6 2. c4 e6 3. g3 Bb4+ 4. Bd2 Be7 5. Bg2 d5 6. Nf3 c6 7. O-O Nbd7 8. Qc2
b6 9. Bf4 Ba6 10. Ne5 Nxe5 11. dxe5 Nd7 12. cxd5 cxd5 13. Rd1 Rc8 14. Nc3 b5
15. e4 b4 16. Qa4 bxc3 17. Qxa6 c2 18. Rdc1 d4 19. Qa4 d3 20. Qb5 Qb6 21. Qxd3
Qxb2 22. Bf1 Ba3 23. Re1 Qc3 24. Qxc3 Rxc3 25. Re3 Rxe3 26. Bxe3 Nxe5 27. Bc1
Bc5 28. Bb2 Bd4 29. Bb5+ Ke7 30. Ba3+ Kf6 31. Rc1 Rb8 32. Ba4 Nd3 33. Rf1 Rc8
34. Bc1 Bb2 35. e5+ Kxe5 0-1

[Event "Olimpiada de Khanty-Mansiysk 2010"]
[Site "Khanty-Mansiysk RUS"]
[Date "2010.09.29"]
[Round "8"]
[White "Pridorozhni, Aleksei"]
[Black "Volodin, Aleksandr"]
[Result "0-1"]
[WhiteElo "2556"]
[BlackElo "2433"]
[PlyCount "104"]
[EventDate "2010.09.21"]
[EventType "team"]
[EventRounds "11"]
[EventCountry "RUS"]
[Source "lmi"]
[SourceDate "2010.09.21"]
[WhiteTeam "RU3"]
[BlackTeam "Estonia"]
[BlackTeamCountry "EST"]

1. e4 c5 2. Nf3 e6 3. b3 Nc6 4. Bb2 d5 5. exd5 exd5 6. Bb5 Nf6 7. O-O Be7 8.
Ne5 Qc7 9. Re1 Be6 10. d3 O-O 11. Bxc6 bxc6 12. Nd2 Bd6 13. Ndf3 Rae8 14. h3 h6
15. Qd2 Bc8 16. Re2 Re7 17. Rae1 Rfe8 18. Qd1 Nh5 19. Ng4 Be6 20. g3 Bxg3 21.
Nxh6+ gxh6 22. fxg3 Bxh3 23. Be5 Qd7 24. Nh2 Bg4 25. Nxg4 Qxg4 26. d4 f6 27.
Rh2 Qxd1 28. Rxd1 fxe5 29. Rxh5 cxd4 30. Rxh6 Re6 31. Rh5 Kg7 32. Kg2 Rh6 33.
Rxh6 Kxh6 34. b4 Kg5 35. Kf3 Rb8 36. a3 a5 37. bxa5 Ra8 38. a4 Rxa5 39. Ra1 e4+
40. Ke2 Kg4 41. Ra3 c5 42. Kf2 Kf5 43. Ke2 c4 44. Kf2 Ke5 45. Ke2 d3+ 46. cxd3
cxd3+ 47. Ke3 Rc5 48. Ra2 d4+ 49. Kd2 Rc3 50. a5 e3+ 51. Kd1 e2+ 52. Kd2 Rc2+
0-1

[Event "Olimpiada de Khanty-Mansiysk 2010"]
[Site "Khanty-Mansiysk RUS"]
[Date "2010.09.29"]
[Round "8"]
[White "Stellwagen, Daniel"]
[Black "Rodshtein, Maxim"]
[Result "1/2-1/2"]
[WhiteElo "2635"]
[BlackElo "2632"]
[PlyCount "105"]
[EventDate "2010.09.21"]
[EventType "team"]
[EventRounds "11"]
[EventCountry "RUS"]
[Source "lmi"]
[SourceDate "2010.09.21"]
[WhiteTeam "Holanda"]
[BlackTeam "Israel"]
[WhiteTeamCountry "NED"]
[BlackTeamCountry "ISR"]

1. e4 c6 2. d4 d5 3. Nc3 dxe4 4. Nxe4 Bf5 5. Ng3 Bg6 6. h4 h6 7. Nf3 Nd7 8. h5
Bh7 9. Bd3 Bxd3 10. Qxd3 e6 11. Bd2 Ngf6 12. O-O-O Be7 13. Ne4 Nxe4 14. Qxe4
Nf6 15. Qe2 Qd5 16. c4 Qe4 17. Qxe4 Nxe4 18. Be3 f5 19. Rhe1 O-O 20. Re2 Bd6
21. Ne5 Rfd8 22. Nd3 Nf6 23. Rh1 b5 24. Rc2 Ng4 25. Re1 Nf6 26. Rh1 Ng4 27. Re1
Nf6 28. f3 Nxh5 29. g4 fxg4 30. fxg4 Nf6 31. g5 bxc4 32. Rxc4 hxg5 33. Bxg5 Re8
34. Rxc6 Rac8 35. Rxc8 Rxc8+ 36. Kd2 Kf7 37. Bf4 Bxf4+ 38. Nxf4 Rc6 39. Nd3 Nd7
40. Rf1+ Ke7 41. Rg1 Kf6 42. Nf2 Kf7 43. Ne4 Ra6 44. a3 e5 45. Rc1 Ra4 46. Rc7
Rxd4+ 47. Ke3 a6 48. Ra7 Ke8 49. b4 Nb6 50. Rxa6 Nc4+ 51. Kf3 Rd3+ 52. Kg4 Rxa3
53. Rxa3 1/2-1/2

[Event "Olimpiada de Khanty-Mansiysk 2010"]
[Site "Khanty-Mansiysk RUS"]
[Date "2010.09.29"]
[Round "8"]
[White "Sedlak, Nikola"]
[Black "Movsesian, Sergei"]
[Result "1/2-1/2"]
[WhiteElo "2550"]
[BlackElo "2723"]
[PlyCount "33"]
[EventDate "2010.09.21"]
[EventType "team"]
[EventRounds "11"]
[EventCountry "RUS"]
[Source "lmi"]
[SourceDate "2010.09.21"]
[WhiteTeam "SRB"]
[BlackTeam "Eslovaquia"]
[BlackTeamCountry "SVK"]

1. d4 d5 2. c4 c6 3. Nf3 Nf6 4. e3 Bg4 5. Nc3 e6 6. Qb3 Qb6 7. Nh4 Bh5 8. h3
Be7 9. g4 Bg6 10. Nxg6 hxg6 11. Bg2 Na6 12. Bd2 Nd7 13. Qa4 Qb4 14. Qc2 Qb6 15.
c5 Qd8 16. a3 Nc7 17. Ne2 1/2-1/2

[Event "Olimpiada de Khanty-Mansiysk 2010"]
[Site "Khanty-Mansiysk RUS"]
[Date "2010.09.29"]
[Round "8"]
[White "Ftacnik, Lubomir"]
[Black "Kovacevic, Aleksandar"]
[Result "1/2-1/2"]
[WhiteElo "2568"]
[BlackElo "2582"]
[PlyCount "55"]
[EventDate "2010.09.21"]
[EventType "team"]
[EventRounds "11"]
[EventCountry "RUS"]
[Source "lmi"]
[SourceDate "2010.09.21"]
[WhiteTeam "Eslovaquia"]
[BlackTeam "SRB"]
[WhiteTeamCountry "SVK"]

1. Nf3 c5 2. c4 Nc6 3. d4 cxd4 4. Nxd4 Nf6 5. Nc3 e6 6. g3 Qb6 7. Nb3 Ne5 8. e4
Bb4 9. Qe2 d6 10. f4 Nc6 11. Be3 Bxc3+ 12. bxc3 Qc7 13. Bg2 e5 14. c5 Bg4 15.
Qb5 a6 16. Qb6 Qxb6 17. cxb6 Be6 18. O-O-O Ke7 19. Rd2 Rhd8 20. Rhd1 a5 21. f5
Bc4 22. Bf3 a4 23. Na1 h6 24. g4 Ra5 25. g5 hxg5 26. Bxg5 Rc5 27. Be3 Ra5 28.
Bg5 1/2-1/2

[Event "Olimpiada de Khanty-Mansiysk 2010"]
[Site "Khanty-Mansiysk RUS"]
[Date "2010.09.29"]
[Round "8"]
[White "Ivanisevic, Ivan"]
[Black "Markos, Jan"]
[Result "1/2-1/2"]
[WhiteElo "2613"]
[BlackElo "2566"]
[PlyCount "50"]
[EventDate "2010.09.21"]
[EventType "team"]
[EventRounds "11"]
[EventCountry "RUS"]
[Source "lmi"]
[SourceDate "2010.09.21"]
[WhiteTeam "SRB"]
[BlackTeam "Eslovaquia"]
[BlackTeamCountry "SVK"]

1. d4 Nf6 2. c4 e6 3. Nc3 Bb4 4. e3 O-O 5. Nge2 d5 6. a3 Bd6 7. Ng3 c6 8. e4
dxe4 9. Ngxe4 Nxe4 10. Nxe4 e5 11. Be3 Bc7 12. d5 cxd5 13. cxd5 Bb6 14. Bxb6
Qxb6 15. Bc4 Bf5 16. Ng3 Bg6 17. O-O Qxb2 18. h4 Rc8 19. Rc1 h5 20. d6 Nd7 21.
Nxh5 b5 22. Bd5 Rxc1 23. Qxc1 Qxc1 24. Rxc1 Rd8 25. Ng3 Nb6 1/2-1/2

[Event "Olimpiada de Khanty-Mansiysk 2010"]
[Site "Khanty-Mansiysk RUS"]
[Date "2010.09.29"]
[Round "8"]
[White "Petrik, Tomas"]
[Black "Markus, Robert"]
[Result "1/2-1/2"]
[WhiteElo "2528"]
[BlackElo "2624"]
[PlyCount "52"]
[EventDate "2010.09.21"]
[EventType "team"]
[EventRounds "11"]
[EventCountry "RUS"]
[Source "lmi"]
[SourceDate "2010.09.21"]
[WhiteTeam "Eslovaquia"]
[BlackTeam "SRB"]
[WhiteTeamCountry "SVK"]

1. d4 Nf6 2. c4 e6 3. g3 Bb4+ 4. Nd2 O-O 5. Bg2 d5 6. Ngf3 dxc4 7. Qc2 a5 8.
Qxc4 b6 9. Qc2 Bb7 10. O-O c5 11. dxc5 Bxc5 12. Nb3 Nbd7 13. Nxc5 Nxc5 14. Bf4
Nd5 15. Rad1 Qe7 16. Bd2 h6 17. Qb1 Rfd8 18. Rfe1 Rac8 19. h4 Nf6 20. b4 Nce4
21. bxa5 Nxd2 22. Rxd2 Rxd2 23. Nxd2 Bxg2 24. Kxg2 bxa5 25. Rc1 Rxc1 26. Qxc1
Qd7 1/2-1/2

[Event "Olimpiada de Khanty-Mansiysk 2010"]
[Site "Khanty-Mansiysk RUS"]
[Date "2010.09.29"]
[Round "8"]
[White "Zhao, Zong-Yuan"]
[Black "Navara, David"]
[Result "1/2-1/2"]
[WhiteElo "2583"]
[BlackElo "2722"]
[PlyCount "100"]
[EventDate "2010.09.21"]
[EventType "team"]
[EventRounds "11"]
[EventCountry "RUS"]
[Source "lmi"]
[SourceDate "2010.09.21"]
[WhiteTeam "Australia"]
[BlackTeam "Chequia"]
[WhiteTeamCountry "AUS"]
[BlackTeamCountry "CZE"]

1. Nf3 Nf6 2. c4 g6 3. d4 Bg7 4. g3 d5 5. cxd5 Nxd5 6. Bg2 Nb6 7. Nc3 Nc6 8. e3
O-O 9. O-O Re8 10. Re1 a5 11. h3 a4 12. Qe2 Be6 13. Nd2 Nb4 14. Rd1 Qc8 15. a3
N4d5 16. Kh2 c5 17. Nxd5 Bxd5 18. e4 Bb3 19. Nxb3 axb3 20. Be3 Na4 21. e5 c4
22. Rac1 c3 23. Qb5 Nxb2 24. Rf1 Qc4 25. Qxc4 Nxc4 26. Rxc3 Nxe3 27. fxe3 Rxa3
28. Rb1 Ra2 29. Rcxb3 Bh6 30. Rxb7 Bxe3 31. d5 Ba7 32. R1b2 Rxb2 33. Rxb2 Bb8
34. Re2 h5 35. Kh1 Rc8 36. Bf3 Rc3 37. Kg2 Kg7 38. h4 Kh6 39. Re1 Rc2+ 40. Re2
Rc3 41. Re1 Bc7 42. Re2 Kg7 43. Re1 Rc2+ 44. Re2 Rc1 45. Kh3 Rc3 46. Kg2 Rd3
47. Re1 Kf8 48. Rd1 Rxd1 49. Bxd1 Bxe5 50. Ba4 f5 1/2-1/2

[Event "Olimpiada de Khanty-Mansiysk 2010"]
[Site "Khanty-Mansiysk RUS"]
[Date "2010.09.29"]
[Round "8"]
[White "Laznicka, Viktor"]
[Black "Smerdon, David"]
[Result "1-0"]
[WhiteElo "2690"]
[BlackElo "2526"]
[PlyCount "147"]
[EventDate "2010.09.21"]
[EventType "team"]
[EventRounds "11"]
[EventCountry "RUS"]
[Source "lmi"]
[SourceDate "2010.09.21"]
[WhiteTeam "Chequia"]
[BlackTeam "Australia"]
[WhiteTeamCountry "CZE"]
[BlackTeamCountry "AUS"]

1. d4 e6 2. c4 Nf6 3. g3 c5 4. d5 exd5 5. cxd5 d6 6. Nc3 g6 7. Bg2 Bg7 8. Nf3
O-O 9. O-O a6 10. a4 Nbd7 11. Nd2 Re8 12. h3 Rb8 13. Nc4 Nb6 14. Na3 Bd7 15. e4
Nc8 16. Qd3 Qc7 17. Re1 Na7 18. Nc4 b5 19. axb5 Nxb5 20. Bd2 Qc8 21. Bf4 Bf8
22. g4 h5 23. g5 Nh7 24. Qg3 h4 25. Qxh4 Nd4 26. Nxd6 Bxd6 27. Bxd6 Rxb2 28.
Qg3 Rb3 29. Rac1 a5 30. f4 a4 31. Kh2 a3 32. Re3 Rb2 33. Be5 Nb3 34. Rce1 c4
35. R3e2 Qa6 36. Rxb2 axb2 37. Rb1 Qa3 38. Qf2 Nxg5 39. Qxb2 Qxb2 40. Rxb2 Nc5
41. Rb8 Nd3 42. Rb7 Bc8 43. Rc7 Nh7 44. Nb5 Ba6 45. Nd6 Rf8 46. Kg3 g5 47. Nf5
f6 48. Bd6 Re8 49. Ne7+ Kg7 50. Nf5+ Kh8 51. fxg5 Nxg5 52. Be7 Kg8 53. h4 Nf7
54. Bxf6 Nde5 55. Bh3 Rb8 56. Nd4 Rb7 57. Rxb7 Bxb7 58. Kf4 Nd3+ 59. Ke3 Nb4
60. Be7 Nxd5+ 61. exd5 Bxd5 62. Kf4 Kh7 63. Bf5+ Kg7 64. Bc2 Nh8 65. h5 Nf7 66.
Nf5+ Kg8 67. Bf6 Be6 68. Bc3 Kf8 69. Be4 Kg8 70. Ng7 Bh3 71. Bd5 Bf1 72. Nf5
Be2 73. h6 Bh5 74. Nd6 1-0

[Event "Olimpiada de Khanty-Mansiysk 2010"]
[Site "Khanty-Mansiysk RUS"]
[Date "2010.09.29"]
[Round "8"]
[White "Babula, Vlastimil"]
[Black "Johansen, Darryl K"]
[Result "1-0"]
[WhiteElo "2515"]
[BlackElo "2420"]
[PlyCount "107"]
[EventDate "2010.09.21"]
[EventType "team"]
[EventRounds "11"]
[EventCountry "RUS"]
[Source "lmi"]
[SourceDate "2010.09.21"]
[WhiteTeam "Chequia"]
[BlackTeam "Australia"]
[WhiteTeamCountry "CZE"]
[BlackTeamCountry "AUS"]

1. d4 e6 2. c4 Bb4+ 3. Bd2 a5 4. Nf3 Nf6 5. Nc3 O-O 6. Bg5 d6 7. e3 Nbd7 8. Nd2
a4 9. a3 Bxc3 10. bxc3 Ra5 11. Bh4 b6 12. Bd3 Bb7 13. O-O Re8 14. e4 Qa8 15. f3
e5 16. Rb1 Nh5 17. Re1 Nf4 18. Bf1 c5 19. Bf2 Ne6 20. dxe5 dxe5 21. g3 Qa7 22.
Bd3 Ndf8 23. Nf1 Rd8 24. Ne3 Bc6 25. Nd5 Rb8 26. Rb2 Rb7 27. Qe2 Qb8 28. Reb1
Ra6 29. Be3 Qd8 30. f4 Nd7 31. Qf3 f6 32. Bf1 Nef8 33. Rd2 Ra8 34. h4 Rab8 35.
Bh3 Qe8 36. Kh2 Qf7 37. f5 b5 38. Bf1 bxc4 39. Rxb7 Rxb7 40. Bxc4 Kh8 41. Qf2
Bb5 42. Rb2 Bxc4 43. Rxb7 Bxd5 44. exd5 Qxd5 45. Rc7 Qd6 46. Rc8 Qa6 47. Re8
Kg8 48. Qa2+ c4 49. Qg2 Kf7 50. Ra8 Qb5 51. Rc8 e4 52. Qxe4 Ne5 53. Rc7+ Nfd7
54. Rb7 1-0